Historia visual del mundo: un viaje fascinante a través de la historia

Guardat en:
Dades bibliogràfiques
Autors principals: Berndl, Klaus (Autor), Hattstein, Markus (Autor), Knebel, Arthur (Autor), Udelhoven, Hermann-Josef (Autor)
Format: Llibre
Idioma:espanyol
Publicat: Londres Parragon Books 2006
Matèries:
Etiquetes: Afegir etiqueta
Sense etiquetes, Sigues el primer a etiquetar aquest registre!

MARC

LEADER 00000nam a2200000 a 4500
001 UCH0786
003 CL-VaPUC
008 090326e20060000UK |||||||||||||||||spa|d
020 |a 9781405481533 
082 0 4 |a 909  |b BER  |2 21 
100 0 |a Berndl, Klaus  |e author  |9 535119 
700 |a Hattstein, Markus  |e author  |9 535120 
700 0 |a Knebel, Arthur  |e author  |9 535121 
700 0 |a Udelhoven, Hermann-Josef  |e author  |9 535122 
245 1 0 |a Historia visual del mundo: un viaje fascinante a través de la historia 
300 |a 656 p 
942 |c BK 
945 |d 20090326 00:00:00  |a rbrito 
260 |a Londres  |b Parragon Books  |c 2006 
650 0 |a Historia universal  |9 266877 
583 |a last modification  |c 20140403 05:50:15  |k Rodrigo Vera 
999 |c 333021  |d 333019 
952 |0 0  |1 0  |4 0  |6 909_000000000000000_BER_2006  |7 0  |8 X  |9 421140  |a BIBHIS  |b BIBHIS  |d 2019-11-22  |i 4526864  |l 1  |o 909 BER 2006  |p 4526864  |r 2024-01-30  |s 2023-05-15  |w 2019-11-22  |y BK_X  |k HIS